| 000 | 01103naa a22002777a 4500 | ||
|---|---|---|---|
| 001 | BR9605511 | ||
| 003 | BR-BrBNA | ||
| 005 | 20240918181658.0 | ||
| 007 | ta | ||
| 008 | 230509b bl.||||| |||| 00| 0 por d | ||
| 040 |
_aBR-BrBNA _bpor _cBiblioteca Nacional de Agricultura |
||
| 041 | _a(Pt) | ||
| 072 |
_aH10 _b2120 _b3877 _b4020 |
||
| 090 | _aH10 BR9605511 | ||
| 100 | 1 | _aGuimaraes, P.M. | |
| 111 | 1 |
_a12. Congresso Brasileiro de Pesquisas Cafeeiras _cCaxambu, MG (Brazil) _d28-31 Oct 1985 |
|
| 245 | 1 | _aInterferencia de inseticidas granulados sistemicos sobre a vegetacao e producao de cafeeiros | |
| 260 | 3 |
_aRio de Janeiro, RJ (Brasil): _c1985. |
|
| 500 | _a12. Congresso Brasileiro de Pesquisas Cafeeiras. Trabalhos apresentados Rio de Janeiro, RJ (Brasil): 1985. p. 79-80 (BR9605511-AM)H10 | ||
| 650 | _aCafe | ||
| 650 | _aInseticida Granulado | ||
| 650 | _aBicho Mineiro | ||
| 773 | 0 |
_t12. Congresso Brasileiro de Pesquisas Cafeeiras. Trabalhos apresentados _wH10 BR9605511 _gRio de Janeiro, RJ (Brasil), 1985. p. 79-80 |
|
| 909 |
_a202404 _bLucia _c55 _dLucia Elande |
||
| 942 |
_cAM _2AGRIS |
||
| 999 |
_c326386 _d326386 |
||